History of the Arabs : (Record no. 2025)

MARC details
000 -LEADER
fixed length control field 00685nam a2200217 a 4500
003 - CONTROL NUMBER IDENTIFIER
control field BD-DhJNU
005 - DATE AND TIME OF LATEST TRANSACTION
control field 20250826042810.0
008 - FIXED-LENGTH DATA ELEMENTS--GENERAL INFORMATION
fixed length control field 160526s1970 enka 001 0 eng d
020 ## - INTERNATIONAL STANDARD BOOK NUMBER
International Standard Book Number 0333098714
040 ## - CATALOGING SOURCE
Original cataloging agency BD-DhJNU
Language of cataloging ENG
Transcribing agency BD-DhJNU
Modifying agency BD-DhJNU
082 00 - DEWEY DECIMAL CLASSIFICATION NUMBER
Classification number 953 HIH
Edition number 23
100 1# - MAIN ENTRY--PERSONAL NAME
Personal name Hitti, Philip K.
245 10 - TITLE STATEMENT
Title History of the Arabs :
Remainder of title from the earliest times to the present /
Statement of responsibility, etc. Philip K. Hitti
250 ## - EDITION STATEMENT
Edition statement 10th ed.
260 ## - PUBLICATION, DISTRIBUTION, ETC.
Place of publication, distribution, etc. [London]
Name of publisher, distributor, etc. Macmillan;
Place of publication, distribution, etc. [New York]
Name of publisher, distributor, etc. St Martin's Press
Date of publication, distribution, etc. c1970.
300 ## - PHYSICAL DESCRIPTION
Extent xxiv, 822 p. :
Other physical details illus., geneal. tables, maps.
Dimensions 23 cm.
504 ## - BIBLIOGRAPHY, ETC. NOTE
Bibliography, etc. note Includes Index.
650 #0 - SUBJECT ADDED ENTRY--TOPICAL TERM
Topical term or geographic name entry element Arabs
General subdivision History
651 #0 - SUBJECT ADDED ENTRY--GEOGRAPHIC NAME
Geographic name Islamic Empire
General subdivision History
942 ## - ADDED ENTRY ELEMENTS (KOHA)
Koha item type Books
Holdings
Withdrawn status Lost status Source of classification or shelving scheme Damaged status Not for loan Collection Home library Current library Shelving location Date acquired Source of acquisition Total checkouts Full call number Barcode Date last seen Copy number Price effective from Koha item type
    Dewey Decimal Classification     Non-fiction Jagannath University Central Library Jagannath University Central Library General stacks 08/26/2025 Purchased   953 HIH JNUCL1342 08/26/2025 1 08/26/2025 Books
    Dewey Decimal Classification     Non-fiction Jagannath University Central Library Jagannath University Central Library General stacks 08/26/2025 Purchased   953 HIH JNUCL1343 08/26/2025 2 08/26/2025 Books